| 000 | 00972nam a2200241Ia 4500 | ||
|---|---|---|---|
| 001 | 17704 | ||
| 003 | GE_BSU | ||
| 008 | 181216s||||||||xx |||||||||||||| ||und|| | ||
| 020 | _a9789941453571 | ||
| 040 | _cGE_BSU | ||
| 080 | _a579.66(073) | ||
| 100 | _aხუციძე,თამარ., ბენდელიანი,ეკატერინე., მახარობლიძე,ნატო. | ||
| 245 | _aტექნიკური მიკრობიოლოგია | ||
| 245 | _cრედ. მ.ფრუიძე | ||
| 260 | _aქუთაისი | ||
| 260 | _bაკაკი წერეთლის სახ. უნ-ტი | ||
| 260 | _c2015 | ||
| 300 | _a228გვ.20სმ. ილ. | ||
| 300 | _eბიბლიოგრ.: გვ. 216-217 | ||
| 653 | _aკვების ტექნიკური მიკრობიოლოგია | ||
| 653 | _aტექნიკური მიკრობიოლოგია | ||
| 942 | _cBK | ||
| 999 |
_c50752 _d50752 |
||